Welcome to the Holygrace Academy Library

Please use search bar below to get started

COMMON ERRORS IN ENGLISH (Record no. 4103)

MARC details
000 -LEADER
fixed length control field 00293nam a22001337a 4500
020 ## - INTERNATIONAL STANDARD BOOK NUMBER
ISBN 818683092-8
082 ## - DEWEY DECIMAL CLASSIFICATION NUMBER
Classification number 425
Item number THO/C
100 ## - MAIN ENTRY--AUTHOR NAME
Personal name THOMSON,ROGER
245 ## - TITLE STATEMENT
Title COMMON ERRORS IN ENGLISH
260 ## - PUBLICATION, DISTRIBUTION, ETC. (IMPRINT)
Place of publication DELHI
Name of publisher PENTAGON PRESS
300 ## - PHYSICAL DESCRIPTION
Number of Pages 208
650 ## - SUBJECT ADDED ENTRY--TOPICAL TERM
Topical Term COMMON ERRORS
Geographic subdivision DELHI
942 ## - ADDED ENTRY ELEMENTS (KOHA)
Koha item type Books
Holdings
Withdrawn status Lost status Collection code Home library Current library Shelving location Date acquired Source of acquisition Full call number Accession Number Koha item type
    Reference Main Library Main Library SHELF-16D -ENGLISH GRAMMAR ,POEMS 30/10/2031 PURCHASE 425 THO/C 00846 Books